Country Flags A-Z - Statistics

General Stats
  • This quiz has been taken 70 times
  • The average score is 22 of 24
Answer Stats
Picture Hint Answer % Correct
A Australia
97%
B Brazil
97%
J Japan
97%
F France
96%
G Germany
96%
I Italy
96%
R Russia
96%
D Denmark
94%
E Egypt
94%
P Poland
94%
U United States
94%
C Cuba
93%
N New Zealand
93%
Q Qatar
93%
S Spain
93%
Z Zimbabwe
93%
Y Yemen
91%
H Honduras
90%
K Kenya
90%
O Oman
88%
T Thailand
88%
V Vatican City
88%
L Laos
86%
M Madagascar
74%
No matching quizzes found
Score Distribution
Percent of People with Each Score
Percentile by Number Answered
Your Score History
You have not taken this quiz